|
|
|
|
| LEADER |
01290nam a2200349 4500 |
| 001 |
000007297 |
| 003 |
3458 |
| 005 |
20111003091024.0 |
| 008 |
110928s2004 viesd |
| 020 |
|
|
|c 30000đ
|
| 041 |
0 |
|
|a vie
|
| 082 |
|
|
|a 337
|b MO-M
|
| 100 |
1 |
|
|a Mohamad Mahathir
|
| 245 |
|
0 |
|a Toàn cầu hóa những hiện thực mới
|c Mohamad Mahathir ; dịch: Dương Thủy ; Huỳnh Hoa ; Xuân nguyễn
|
| 260 |
|
|
|a Tp. Hồ Chí Minh
|b Nxb. Trẻ Tp. Hồ Chí Minh: Thời báo kinh tế Sài Gòn
|b Trung tâm kinh tế Châu Á - Thái Bình Dương
|c 2004
|
| 300 |
|
|
|a 247 tr
|c 20 cm
|
| 653 |
|
|
|a Toàn cầu hóa
|
| 653 |
|
|
|a Những hiện thực mới
|
| 700 |
|
|
|a Dương Thủy
|e dịch
|
| 700 |
|
|
|a Huỳnh Hoa
|e dịch
|
| 700 |
|
|
|a Xuân Nguyễn
|e dịch
|
| 910 |
|
|
|a Nguyễn Thị Kim Oanh
|d 28/09/2011
|
| OWN |
|
|
|a LSP
|
| AVA |
|
|
|a UDN50
|b LSP
|d 337 MO-M
|e available
|t Error 5001 Not defined in file expand_doc_bib_avail.
|f 9
|g 0
|h N
|i 0
|k 1
|
| 999 |
|
|
|a From the UDN01
|
| AVA |
|
|
|a UDN50
|b LSP
|d 337 MO-M
|e available
|t Error 5001 Not defined in file expand_doc_bib_avail.
|f 9
|g 0
|h N
|i 0
|k 1
|
| TYP |
|
|
|a Monograph
|
| TYP |
|
|
|a Printed language
|
| 980 |
|
|
|a Mạng thư viện Đại học Đà Nẵng
|